[Event "Gibraltar Masters 15th"]
[Site "Caleta"]
[Date "2017.01.30"]
[Round "7"]
[White "Suez Panama, Gilles"]
[Black "Ramirez, Leyva Freddy"]
[Result "1/2-1/2"]
[WhiteElo "2010"]
[BlackElo "1862"]
[PlyCount "82"]
[EventDate "2017.01.24"]
[EventType "swiss"]
[EventRounds "10"]
[EventCountry "GGB"]
[SourceTitle "CBM 177"]
[Source "ChessBase"]
[SourceDate "2017.03.16"]
[SourceVersion "1"]
[SourceVersionDate "2017.03.16"]
[SourceQuality "1"]

1. d4 Nf6 2. Nf3 g6 3. c4 Bg7 4. Nc3 d6 5. e4 0-0 6. Be2 e5 7. dxe5 dxe5 8. Qxd8 Rxd8 9. Bg5 Re8 10. 0-0-0 c6 11. Nxe5 Nxe4 12. Nxe4 Bxe5 13. Nd6 Bxd6 14. Rxd6 Bf5 15. Bf3 Na6 16. g4 Be4 17. Rf6 Rad8 18. Rd1 Bxf3 19. Rxf3 Rxd1+ 20. Kxd1 Re4 21. Rf4 Nc5 22. Rxe4 Nxe4 23. Be3 a6 24. Ke2 Nf6 25. f3 Nd7 26. Bd4 f6 27. Ke3 Kf7 28. Ke4 Ke6 29. f4 f5+ 30. gxf5+ gxf5+ 31. Kd3 Nf8 32. Bg7 Ng6 33. Bh6 Kd6 34. Kd4 c5+ 35. Ke3 Ke6 36. Bg7 Kd6 37. Bh6 Kc6 38. Bg5 h5 39. Kd3 Nf8 40. Bf6 Ng6 41. Bg5 Nf8 1/2-1/2

[Event "Gibraltar Masters 15th"]
[Site "Caleta"]
[Date "2017.01.27"]
[Round "4"]
[White "Ramirez, Leyva Freddy"]
[Black "Beadle, John R"]
[Result "1/2-1/2"]
[WhiteElo "1862"]
[BlackElo "1544"]
[PlyCount "70"]
[EventDate "2017.01.24"]
[EventType "swiss"]
[EventRounds "10"]
[EventCountry "GGB"]
[SourceTitle "CBM 177"]
[Source "ChessBase"]
[SourceDate "2017.03.16"]
[SourceVersion "1"]
[SourceVersionDate "2017.03.16"]
[SourceQuality "1"]

1. Nf3 d5 2. d4 f5 3. g3 Nf6 4. Bg2 e6 5. 0-0 Bd6 6. c4 c6 7. b3 Qe7 8. Bb2 0-0 9. Nc3 Nbd7 10. Nd2 Ne4 11. e3 Ndf6 12. f3 Nxc3 13. Bxc3 Bd7 14. Kh1 Be8 15. e4 fxe4 16. fxe4 Bh5 17. Qe1 Bb4 18. Rc1 Rae8 19. e5 Bxc3 20. exf6 Qb4 21. f7+ Bxf7 22. a3 Bxd2 23. axb4 Bxe1 24. Rfxe1 Bg6 25. Kg1 Bf5 26. Re5 Bd3 27. Rc3 Bf5 28. Rce3 dxc4 29. bxc4 Rd8 30. d5 cxd5 31. cxd5 exd5 32. Bxd5+ Kh8 33. Bxb7 Rd1+ 34. Re1 Rxe1+ 35. Rxe1 g6 1/2-1/2